لماذا يصعق البرق؟ : أسئلة يوجهها الأطفال عن الطقس / (رقم التسجيلة. 101705)
[ عرض عادي ]
| 000 -LEADER | |
|---|---|
| fixed length control field | 00643nam a22001937a 4500 |
| 005 - DATE AND TIME OF LATEST TRANSACTION | |
| control field | 20251108173337.0 |
| 008 - FIXED-LENGTH DATA ELEMENTS--GENERAL INFORMATION | |
| fixed length control field | 250721s1998 xx 000 0 ara d |
| 082 14 - DEWEY DECIMAL CLASSIFICATION NUMBER | |
| Classification number | ط/551.6/لما |
| 100 1# - MAIN ENTRY--PERSONAL NAME | |
| Personal name | غالي، وجدي رزق |
| Relator term | Tran. |
| 245 10 - TITLE STATEMENT | |
| Title | لماذا يصعق البرق؟ : أسئلة يوجهها الأطفال عن الطقس / |
| 264 1# - PRODUCTION, PUBLICATION, DISTRIBUTION, MANUFACTURE, AND COPYRIGHT NOTICE | |
| Place of production, publication, distribution, manufacture | بيروت : |
| Name of producer, publisher, distributor, manufacturer | مكتبة لبنان ناشرون، |
| Date of production, publication, distribution, manufacture, or copyright notice | 1998. |
| 300 ## - PHYSICAL DESCRIPTION | |
| Extent | 21ص. |
| 490 0# - SERIES STATEMENT | |
| Series statement | السنابل |
| 650 17 - SUBJECT ADDED ENTRY--TOPICAL TERM | |
| Topical term or geographic name as entry element | الأحوال الجوية |
| 650 17 - SUBJECT ADDED ENTRY--TOPICAL TERM | |
| Topical term or geographic name as entry element | البرق |
| 653 ## - INDEX TERM--UNCONTROLLED | |
| Uncontrolled term | (سنوات 9-6) أطفال مرحلة متوسطة |
| 942 ## - ADDED ENTRY ELEMENTS (KOHA) | |
| Source of classification or shelving scheme | Dewey Decimal Classification |
| Koha item type | كتب |
| حالة السحب | حالة الفقدان | مصدر التصنيف | حالة التلف | غير قابل للإعارة | المكتبة الرئيسية | المكتبة الحالية | موقع الرف | تاريخ التزويد | الرقم المتسلسل | Total Checkouts | رقم الإستدعاء | الباركود | تاريخ آخر ظهور | تاريخ الفاتورة | نوع المادة (كوها) |
|---|---|---|---|---|---|---|---|---|---|---|---|---|---|---|---|
| Dewey Decimal Classification | مكتبة قتيبة للأطفال | مكتبة قتيبة للأطفال | الأطفال | 12/02/2018 | 1667198 | ط/551.6/لما | PLD00417295 | 28/07/2025 | 12/02/2018 | كتب | |||||
| Dewey Decimal Classification | مكتبة أم المؤمنين للأطفال | مكتبة أم المؤمنين للأطفال | الأطفال | 28/07/2025 | 418188 | ط/551.6/لما | 418188 | 28/07/2025 | 28/07/2025 | كتب | |||||
| Dewey Decimal Classification | مكتبة البراءة للأطفال | مكتبة البراءة للأطفال | الأطفال | 26/09/2013 | 366851 | ط/551.6/لما | PLD00279930 | 28/07/2025 | 26/09/2013 | كتب | |||||
| Dewey Decimal Classification | مكتبة البراعم الواعدة | مكتبة البراعم الواعدة | الأطفال | 27/07/2015 | 1603480 | ط/551.6/لما | PLD00339179 | 28/07/2025 | 27/07/2015 | كتب | |||||
| Dewey Decimal Classification | مكتبة بدر الجديدة للأطفال | مكتبة بدر الجديدة للأطفال | الأطفال | 10/10/2015 | 400803 | ط/551.6/لما | PLD00354017 | 28/07/2025 | 10/10/2015 | كتب |